Jaroslav Róna : architektony a stroje = architectons and machines /

Main Author: Róna, Jaroslav, 1957-
Other Authors: Kesner, Ladislav, 1961-, Portel, Robert, 1966-, Mikolajková, Lucie, 1975-
Language: Czech
English
Published: Brno : Books & Pipes, 2021
Edition: První vydání
Subjects:
Physical Description: 287 stran : barevné ilustrace ; 32 cm
Language note: Souběžný anglický text
Book
Saved in:
LEADER 02543nam a2200661 i 4500
001 nkc20213328893
003 CZ PrNK
005 20210820073159.0
007 ta
008 210621s2021 xr a e 000 0dcze
015 |a cnb003328893 
020 |a 978-80-7485-227-5  |q (vázáno) :  |c Kč 945,00 
035 |a (OCoLC)1263287825 
040 |a BOA001  |b cze  |e rda 
041 1 |a cze  |a eng  |h cze 
043 |a e-xr--- 
045 |a x8y2 
072 7 |a 73  |x Sochařství, keramika, porcelán, umělecké zpracování kovů  |2 Konspekt  |9 21 
080 |a 730(437.3)  |2 MRF 
080 |a 7.038.544  |2 MRF 
080 |a 730.036/.038  |2 MRF 
080 |a (437.3)  |2 MRF 
080 |a (084.12)  |2 MRF 
100 1 |a Róna, Jaroslav,  |d 1957-  |7 jn19990009972  |4 art 
245 1 0 |a Jaroslav Róna :  |b architektony a stroje = architectons and machines /  |c text Ladislav Kesner ; fotografie Robert Portel ; překlad Lucie Mikolajková 
246 3 0 |a Architektony a stroje 
246 3 0 |a Architectons and machines 
246 1 4 |a Róna 
250 |a První vydání 
264 1 |a Brno :  |b Books & Pipes,  |c 2021 
300 |a 287 stran :  |b barevné ilustrace ;  |c 32 cm 
336 |a text  |b txt  |2 rdacontent 
336 |a statický obraz  |b sti  |2 rdacontent 
337 |a bez média  |b n  |2 rdamedia 
338 |a svazek  |b nc  |2 rdacarrier 
500 |a Životopisná data a přehled výstav 
504 |a Obsahuje bibliografické odkazy 
546 |a Souběžný anglický text 
600 1 7 |a Róna, Jaroslav,  |d 1957-  |7 jn19990009972  |2 czenas 
648 4 |a 1984-2020 
648 7 |a 20.-21. století  |7 ch462155  |2 czenas 
650 0 7 |a české sochařství  |7 ph128152  |y 20.-21. století  |2 czenas 
650 0 7 |a objekty (umění)  |7 ph123590  |z Česko  |2 czenas 
650 0 7 |a moderní sochařství  |7 ph122941  |z Česko  |2 czenas 
650 0 9 |a Czech sculpture  |y 20th-21st centuries  |2 eczenas 
650 0 9 |a objects (art)  |z Czechia  |2 eczenas 
650 0 9 |a modern sculpture  |z Czechia  |2 eczenas 
655 7 |a fotografické publikace  |7 fd132276  |2 czenas 
655 9 |a photographical works  |2 eczenas 
700 1 |a Kesner, Ladislav,  |d 1961-  |7 jn20001227201  |4 aut 
700 1 |a Portel, Robert,  |d 1966-  |7 mzk2006322674  |4 pht 
700 1 |a Mikolajková, Lucie,  |d 1975-  |7 ola2006323455  |4 trl 
910 2 |a BOA001  |b 4-1466.545 
990 |a BK 
995 |a 01 
991 |b 202107  |c NOV 
996 6 |b 2610871250  |c 4-1466.545  |l MZK  |r Sklad / do 1 hodiny  |n 2  |p p.v.  |w 001857002  |u 000010  |a 1  |e BOA001  |j MZK50  |s P 
996 7 |b 2610871251  |c 4-1466.545  |l MZK  |r Sklad / do 1 hodiny  |n 0  |p p.v.  |w 001857002  |u 000020  |a 1  |e BOA001  |j MZK50  |s A